100 Best Selling Musicians of All Time - Statistics

General Stats
  • This quiz has been taken 1,458 times
  • The average score is 38 of 100
Answer Stats
Musician % Correct
The Beatles
92%
Michael Jackson
89%
Elvis Presley
81%
Taylor Swift
76%
Elton John
75%
Janet Jackson
74%
Madonna
73%
The Rolling Stones
73%
Beyonce
72%
Eminem
72%
Queen
71%
AC/DC
66%
Nirvana
66%
Metallica
63%
Whitney Houston
62%
Led Zeppelin
61%
Pink Floyd
61%
Rihanna
61%
George Michael
60%
Jay-Z
58%
Britney Spears
56%
Prince
56%
ABBA
54%
Mariah Carey
54%
Guns N' Roses
53%
U2
53%
Bob Dylan
51%
Aretha Franklin
50%
Bruce Springsteen
50%
Celine Dion
50%
Eagles
50%
Frank Sinatra
50%
Lady Gaga
49%
Aerosmith
48%
The Beach Boys
48%
Stevie Wonder
46%
Bon Jovi
45%
Fleetwood Mac
45%
Katy Perry
45%
The Who
45%
Paul McCartney
42%
The Police
42%
Tupac
42%
Billy Joel
41%
Kanye
41%
Red Hot Chili Peppers
41%
Backstreet Boys
40%
The Doors
40%
The Bee Gees
39%
Tina Turner
38%
Bob Marley
37%
Green Day
37%
KISS
37%
Phil Collins
37%
Cher
34%
Genesis
34%
Diana Ross
33%
Garth Brooks
32%
Van Halen
32%
Journey
31%
Spice Girls
30%
Rod Stewart
28%
Lionel Richie
27%
R.E.M.
27%
Barbra Streisand
25%
Def Leppard
25%
Dire Straits
25%
Ozzy Osbourne
25%
Shania Twain
24%
Santana
23%
Barry White
22%
Neil Diamond
22%
Tom Petty
22%
Chicago
21%
The Black Eyed Peas
20%
Kenny Rogers
19%
Motley Crue
18%
Earth Wind & Fire
17%
Foreigner
17%
Depeche Mode
16%
Julio Iglesias
14%
Meat Loaf
14%
Scorpions
14%
The Carpenters
13%
Barry Manilow
12%
New Kids on the Block
12%
Olivia Newton-John
11%
George Strait
10%
Enya
9%
Gloria Estefan
9%
Reba McEntire
8%
Alabama
7%
Dionne Warwick
7%
Kenny G
7%
Linda Ronstadt
6%
Bing Crosby
4%
Andrea Bocelli
3%
B.Z.
3%
Donna Summers
3%
Johnny Hallyday
2%
No matching quizzes found
Score Distribution
Percent of People with Each Score
Percentile by Number Answered
Your Score History
You have not taken this quiz